Catálogo
 En Linea

Petion et Haiti : (Registro nro. 22102)

Detalles MARC
000 -CABECERA
campo de control de longitud fija 00905nam a2200241 a 4500
001 - NÚMERO DE CONTROL
campo de control 000022605
005 - FECHA Y HORA DE LA ÚLTIMA TRANSACCIÓN
campo de control 20200930021708.0
008 - DATOS DE LONGITUD FIJA--INFORMACIÓN GENERAL
campo de control de longitud fija 101014s1956 fr ac 001 0 spa d
020 ## - NÚMERO INTERNACIONAL ESTÁNDAR DEL LIBRO
Número Internacional Estándar del Libro 9993580449
040 ## - FUENTE DE LA CATALOGACIÓN
Centro catalogador/agencia de origen DO-SdBNP
Lengua de catalogación spa
Centro/agencia transcriptor BNPHU
041 17 - CÓDIGO DE LENGUA
Código de lengua del texto/banda sonora o título independiente fre
049 ## - FONDOS LOCALES (OCLC)
Fondos de biblioteca BNPD
100 1# - ENTRADA PRINCIPAL--NOMBRE DE PERSONA
Nombre de persona Saint-Rémy, Joseph
9 (RLIN) 46519
240 13 - TÍTULO UNIFORME
Título uniforme Petion et Hait:
-- étude monographique et historique
Lenguaje de la obra francés
245 10 - MENCIÓN DE TÍTULO
Título Petion et Haiti :
Resto del título étude monographique et historique /
Mención de responsabilidad, etc. Joseph Saint-Rémy.
250 ## - MENCIÓN DE EDICIÓN
Mención de edición 2a. ed.
260 ## - PUBLICACIÓN, DISTRIBUCIÓN, ETC.
Lugar de publicación, distribución, etc. Paris :
Nombre del editor, distribuidor, etc. Librairie Beger -Levrault,
Fecha de publicación, distribución, etc. 1956
Lugar de fabricación/manufactura Santo Domingo:
Fabricante Fundación Global Democracia y Desarrollo
Fecha de fabricación/manufactura 2007
300 ## - DESCRIPCIÓN FÍSICA
-- v.
Dimensiones 22 cm.
490 1# - MENCIÓN DE SERIE
Mención de serie Du bicentenaire Haití 1804-2004
500 ## - NOTA GENERAL
Nota general La biblioteca posee el v. 1, cinco tomos incluido
500 ## - NOTA GENERAL
Nota general Incluye referencias bibligráficas y notas al pie de las páginas
830 #0 - PUNTO DE ACCESO ADICIONAL DE SERIE-TÍTULO UNIFORME
Título uniforme Du bicentenaire Haití 1804-2004
9 (RLIN) 46520
Existencias
Estado de retiro Estado de pérdida Restricciones de uso No para préstamo Código de colección Localización permanente Ubicación/localización actual Ubicación en estantería Fecha de adquisición Número de inventario Total de préstamos Signatura topográfica completa Código de barras Fecha visto por última vez Precio válido a partir de Tipo de ítem Koha Número de copia
      Excluido de préstamo Monografías: Libros y Folletos Patrimonio Dominicano Patrimonio Dominicano Depósito 14.10.2010 LF1   22605-10 25.06.2020 25.06.2020 No se presta  
      Excluido de préstamo Monografías: Libros y Folletos Patrimonio Dominicano Patrimonio Dominicano En catalogación 15.11.2010 LF1   22605-20 25.06.2020 25.06.2020 No se presta e. 2

Con tecnología Koha